रामधारी सिंह दिनकर रचनावली / (Record no. 53488)

MARC details
000 -LEADER
fixed length control field 00677nam a2200205Ia 4500
005 - DATE AND TIME OF LATEST TRANSACTION
control field 20260429112324.0
008 - FIXED-LENGTH DATA ELEMENTS--GENERAL INFORMATION
fixed length control field 260429s9999||||xx |||||||||||||| ||und||
020 ## - INTERNATIONAL STANDARD BOOK NUMBER
International Standard Book Number 9789390625048
041 ## - LANGUAGE CODE
Language Hindi
082 ## - DEWEY DECIMAL CLASSIFICATION NUMBER
Classification number 891.430
Item number NAW
100 ## - MAIN ENTRY--PERSONAL NAME
Personal name नवल, नंद किशोर
245 #0 - TITLE STATEMENT
Title रामधारी सिंह दिनकर रचनावली /
Statement of responsibility, etc नंद किशोर नवल
250 ## - EDITION STATEMENT
Edition statement 2nd ed.
260 ## - PUBLICATION, DISTRIBUTION, ETC. (IMPRINT)
Place of publication, distribution, etc प्रयागराज :
Name of publisher, distributor, etc लोकभारती प्रकाशन,
Date of publication, distribution, etc 2021.
300 ## - PHYSICAL DESCRIPTION
Extent 407 p.; hb
440 ## - SERIES STATEMENT/ADDED ENTRY--TITLE
Volume number/sequential designation Vol. 1
650 ## - SUBJECT ADDED ENTRY--TOPICAL TERM
Topical term or geographic name as entry element Hindi Literature
700 ## - ADDED ENTRY--PERSONAL NAME
Personal name कुमार, तरूण
942 ## - ADDED ENTRY ELEMENTS (KOHA)
Koha item type Text Books
Holdings
Withdrawn status Lost status Damaged status Not for loan Collection code Home library Location Shelving location Date of Cataloging Source of acquisition Total Checkouts Full call number Barcode Date last seen Price effective from Koha item type
        Non-fiction CUTN Central Library CUTN Central Library Literature 29/04/2026 Segment Book Distributors, New Delhi - Invoice No. 71458 on 09-02-2026   891.430 NAW 58257 29/04/2026 29/04/2026 Text Books